[Event "NED-ch U21"]
[Site "Sneek"]
[Date "2013.04.27"]
[Round "1"]
[White "Hendrix, Judith"]
[Black "Ratsma, Midas"]
[Result "0-1"]
[WhiteElo "1852"]
[BlackElo "2037"]
[PlyCount "96"]
[EventDate "2013.04.27"]
[EventType "swiss"]
[EventRounds "9"]
[EventCountry "NED"]
[SourceTitle "EXT 2014"]
[Source "ChessBase"]
[SourceDate "2013.11.20"]
[SourceVersion "1"]
[SourceVersionDate "2013.11.20"]
[SourceQuality "1"]

1. e4 e6 2. d4 d5 3. exd5 exd5 4. Bd3 Nf6 5. h3 Be7 6. Qf3 0-0 7. Ne2 b6 8. 0-0 Bb7 9. Bf4 c5 10. c3 Nc6 11. Nd2 cxd4 12. Nxd4 Nxd4 13. cxd4 Bb4 14. Rac1 Re8 15. Rfd1 Ne4 16. Nf1 Qf6 17. Bb5 Rec8 18. Qe3 a6 19. Bd3 Re8 20. Be5 Qe6 21. Rc7 Re7 22. Rdc1 Rae8 23. f3 Nd6 24. Rxe7 Rxe7 25. Qf2 Nc4 26. Qh4 h6 27. Bf4 Nxb2 28. Bb1 Nc4 29. Bd3 b5 30. Ng3 Be1 31. Bf5 Bxg3 32. Bxg3 g5 33. Bxe6 gxh4 34. Bxf7+ Kxf7 35. Bxh4 Re2 36. a4 b4 37. Kf1 Ra2 38. Re1 Bc6 39. Re7+ Kf8 40. Rc7 Bxa4 41. Be7+ Kg8 42. Bxb4 Ne3+ 43. Kg1 Rxg2+ 44. Kh1 Rb2 45. Bd6 Bd1 46. Ra7 Bxf3+ 47. Kg1 Rg2+ 48. Kh1 Rg7+ 0-1

[Event "Andorra op 28th"]
[Site "La Massana"]
[Date "2010.07.19"]
[Round "3"]
[White "Vernay, Clovis"]
[Black "Hendrix, Judith"]
[Result "1-0"]
[WhiteElo "2470"]
[BlackElo "1741"]
[PlyCount "63"]
[EventDate "2010.07.17"]
[EventType "swiss"]
[EventRounds "9"]
[EventCountry "AND"]
[SourceTitle "CBM 137 Extra"]
[Source "ChessBase"]
[SourceDate "2010.09.01"]
[SourceVersion "1"]
[SourceVersionDate "2010.09.01"]
[SourceQuality "1"]

1. d4 Nf6 2. c4 c5 3. d5 b5 4. Qc2 g6 5. e4 d6 6. cxb5 a6 7. Nc3 Bg7 8. Nf3 Nbd7 9. h3 0-0 10. a4 axb5 11. Nxb5 Ba6 12. Be2 Qb8 13. 0-0 Rc8 14. Be3 Ne8 15. Bg5 Nef6 16. Rfe1 h6 17. Bd2 Ne8 18. Bc3 Nc7 19. Nxc7 Qxc7 20. Bxa6 Rxa6 21. b3 Rca8 22. Bxg7 Kxg7 23. Qc3+ f6 24. Nd4 Nf8 25. Kh2 Qb7 26. Nc6 Nd7 27. b4 Nb6 28. a5 Nc8 29. e5 Rxc6 30. dxc6 Qxc6 31. exf6+ exf6 32. Re6 1-0

[Event "NED-ch U21 Girls"]
[Site "Haarlem"]
[Date "2010.05.02"]
[Round "4"]
[White "Snikkers, Naomi"]
[Black "Hendrix, Judith"]
[Result "1/2-1/2"]
[WhiteElo "1800"]
[BlackElo "1765"]
[PlyCount "39"]
[EventDate "2010.04.29"]
[EventType "tourn"]
[EventRounds "9"]
[EventCountry "NED"]
[SourceTitle "EXT 2011"]
[Source "ChessBase"]
[SourceDate "2010.11.26"]
[SourceVersion "1"]
[SourceVersionDate "2010.11.26"]
[SourceQuality "1"]

1. e4 c5 2. Nf3 a6 3. d4 cxd4 4. Nxd4 Nf6 5. Nc3 e5 6. Nb3 Bb4 7. Bd3 b6 8. 0-0 0-0 9. Bd2 Bb7 10. Re1 d6 11. a3 Bxc3 12. Bxc3 Nbd7 13. Nd2 Qc7 14. Qf3 Rfe8 15. Bc4 Rad8 16. Rad1 b5 17. Ba2 Nc5 18. Qf5 Ne6 19. Nf1 Bc8 20. Qf3 1/2-1/2

[Event "NED-ch U21 Girls"]
[Site "Haarlem"]
[Date "2010.04.29"]
[Round "1"]
[White "Hortensius, Lisa"]
[Black "Hendrix, Judith"]
[Result "1-0"]
[WhiteElo "2057"]
[BlackElo "1765"]
[PlyCount "77"]
[EventDate "2010.04.29"]
[EventType "tourn"]
[EventRounds "9"]
[EventCountry "NED"]
[SourceTitle "EXT 2011"]
[Source "ChessBase"]
[SourceDate "2010.11.26"]
[SourceVersion "1"]
[SourceVersionDate "2010.11.26"]
[SourceQuality "1"]

1. e4 c5 2. Nf3 e6 3. d4 cxd4 4. Nxd4 Nc6 5. Nc3 Qc7 6. Be3 a6 7. Qd2 Nf6 8. f3 Bb4 9. 0-0-0 d5 10. a3 Be7 11. exd5 Nxd5 12. Nxd5 exd5 13. Nb3 Be6 14. f4 Rd8 15. Qf2 Qc8 16. Bd3 Bf5 17. Rhe1 Bxd3 18. Rxd3 0-0 19. Red1 Qf5 20. Qf3 Qe4 21. Bb6 Rc8 22. Rxd5 Qe6 23. Qf2 Nb8 24. Kb1 Rc6 25. Bc5 Bxc5 26. Nxc5 Qc8 27. Ne4 b6 28. Qd2 g6 29. Rd8 Qf5 30. Ng3 Qc5 31. f5 Rxd8 32. Qxd8+ Kg7 33. f6+ Rxf6 34. Qxb8 Rf2 35. Rc1 Rxg2 36. Qf4 f6 37. Ne4 Qc6 38. Nc3 Qe6 39. Rd1 1-0

[Event "Twente Young Master op-C"]
[Site "Twente"]
[Date "2007.08.10"]
[Round "8"]
[White "Hendrix, Judith"]
[Black "Van der Auweraert, Elwin"]
[Result "1-0"]
[WhiteElo "1482"]
[BlackElo "1665"]
[PlyCount "53"]
[EventDate "2007.08.06"]
[EventType "swiss"]
[EventRounds "9"]
[EventCountry "NED"]
[SourceTitle "EXT 2008"]
[Source "ChessBase"]
[SourceDate "2007.11.25"]
[SourceVersion "1"]
[SourceVersionDate "2007.11.25"]
[SourceQuality "1"]

1. e4 c5 2. Nf3 Nc6 3. d4 cxd4 4. Nxd4 e5 5. Nb5 d6 6. N1c3 a6 7. Na3 b5 8. Nd5 Nf6 9. Bg5 Be7 10. Bxf6 Bxf6 11. Be2 Bg5 12. 0-0 0-0 13. c4 bxc4 14. Nxc4 Nd4 15. Ncb6 Rb8 16. Nxc8 Qxc8 17. b3 Qc5 18. Bxa6 f5 19. Bc4 Kh8 20. Qh5 Bh6 21. Qh4 f4 22. Kh1 f3 23. g4 Bf4 24. Ne7 g5 25. Qh6 Rg8 26. Bxg8 Rxg8 27. Qf6+ 1-0

[Event "Twente Young Master op-C"]
[Site "Twente"]
[Date "2007.08.07"]
[Round "3"]
[White "Admiraal, Miguoel"]
[Black "Hendrix, Judith"]
[Result "1-0"]
[WhiteElo "1851"]
[BlackElo "1482"]
[PlyCount "111"]
[EventDate "2007.08.06"]
[EventType "swiss"]
[EventRounds "9"]
[EventCountry "NED"]
[SourceTitle "EXT 2008"]
[Source "ChessBase"]
[SourceDate "2007.11.25"]
[SourceVersion "1"]
[SourceVersionDate "2007.11.25"]
[SourceQuality "1"]

1. e4 c5 2. Ne2 e6 3. d4 cxd4 4. Nxd4 a6 5. Bd3 Nc6 6. Nxc6 bxc6 7. 0-0 d5 8. c4 Nf6 9. e5 Nd7 10. Qe2 Bc5 11. Kh1 d4 12. Nd2 Rb8 13. f4 Ba7 14. Ne4 0-0 15. Qh5 g6 16. Qh6 f5 17. Ng5 Qe7 18. b4 c5 19. a3 Re8 20. Bd2 Qg7 21. Qh3 h6 22. Nf3 Bb7 23. g4 Kf7 24. gxf5 gxf5 25. Rg1 Qh7 26. Qh5+ Ke7 27. Kg2 Rh8 28. Kf2 Bxf3 29. Kxf3 Rbg8 30. Rg3 Rxg3+ 31. hxg3 Qg7 32. Be2 Rg8 33. Qh4+ Ke8 34. Kg2 Nb8 35. Bf3 Kd7 36. Rb1 Nc6 37. b5 axb5 38. cxb5 Nd8 39. b6 Bb8 40. Rc1 Qf8 41. a4 Nc6 42. Bxc6+ Kxc6 43. Bb4 Qe8 44. Bxc5 d3 45. Kf2 Kb7 46. Qh1+ Qc6 47. Qxc6+ Kxc6 48. Be3+ Kb7 49. a5 Rd8 50. Bd2 Rd7 51. Rh1 Rh7 52. Ke3 h5 53. Kxd3 Kc6 54. Kc4 Rd7 55. Bc3 Rh7 56. Bd4 1-0

[Event "NED-ch U15 Girls"]
[Site "Venlo"]
[Date "2007.05.04"]
[Round "7"]
[White "Dalemans, Diana"]
[Black "Hendrix, Judith"]
[Result "1/2-1/2"]
[WhiteElo "1587"]
[BlackElo "1447"]
[PlyCount "117"]
[EventDate "2007.04.30"]
[EventType "swiss"]
[EventRounds "9"]
[EventCountry "NED"]
[SourceTitle "EXT 2009"]
[Source "ChessBase"]
[SourceDate "2008.11.26"]
[SourceVersion "1"]
[SourceVersionDate "2008.11.26"]
[SourceQuality "1"]

1. e4 c5 2. Nf3 e6 3. d4 cxd4 4. Nxd4 Nc6 5. Nc3 Qc7 6. Ndb5 Qb8 7. Be3 a6 8. Nd4 Qc7 9. Be2 Nf6 10. Qd2 Bb4 11. f3 d5 12. exd5 Nxd5 13. 0-0 Nxe3 14. Qxe3 Nxd4 15. Nd5 Nxe2+ 16. Qxe2 Qc5+ 17. Ne3 Qa7 18. Kh1 0-0 19. Ng4 Bd6 20. Qd2 Qb8 21. Rad1 Bf4 22. Qc3 f5 23. Nf2 Be5 24. Qa5 b6 25. Qb4 Bf6 26. Rd3 a5 27. Qb3 Ba6 28. Qxe6+ Kh8 29. c4 Qc7 30. b3 Rae8 31. Qd5 Rd8 32. Qxf5 Bd4 33. Qe4 Bxf2 34. Rxf2 Rxd3 35. Qxd3 Rd8 36. Qe2 Qe7 37. Kg1 Qxe2 38. Rxe2 Kg8 39. Re6 Rb8 40. c5 Bc8 41. Rxb6 Rxb6 42. cxb6 Kf7 43. Kf2 Ke6 44. Ke3 Kd5 45. g4 Kc5 46. a3 Kxb6 47. b4 a4 48. h4 Kb5 49. Kd4 Bb7 50. f4 h6 51. g5 hxg5 52. hxg5 Kc6 53. Ke5 Kd7 54. f5 Ke7 55. f6+ gxf6+ 56. gxf6+ Kf7 57. Kd4 Kxf6 58. b5 Ke6 59. Kc4 1/2-1/2